Historia social de la educación

Gespeichert in:
Bibliographische Detailangaben
1. Verfasser: Beck, Robert Holmes (VerfasserIn)
Format: Buch
Sprache:Spanisch
Veröffentlicht: Ciudad de México UTEHA 1965
Ausgabe:1a. ed
Schriftenreihe:Manuales UTEHA, 319-319a
Schlagworte:
Tags: Tag hinzufügen
Keine Tags, Fügen Sie den ersten Tag hinzu!

MARC

LEADER 00000cam a2200000 a 4500
001 UCF0775
003 CL-VaPUC
008 120607e19650000MX |||||||||||||||||spa|d
082 0 4 |a 306.43  |b BEC  |2 21 
100 |a Beck, Robert Holmes  |e author  |9 562506 
245 1 0 |a Historia social de la educación 
250 |a 1a. ed 
300 |a 255 P 
942 |c BK 
945 |d 20120607 00:00:00  |a dcastane 
260 |a Ciudad de México  |b UTEHA  |c 1965 
650 0 |a Sociología de la educación   |9 260380 
650 0 |a Historia social  |9 313638 
583 |a last modification  |c 20130325 02:13:18  |k Rodrigo Vera 
490 0 |a Manuales UTEHA, 319-319a 
999 |c 347918  |d 347916 
952 |0 0  |1 0  |4 0  |6 306_430000000000000_BEC_1965  |7 0  |8 P  |9 449659  |a BIBEDU  |b BIBEDU  |c BIBEDU_PB  |d 2019-11-22  |i 4838688  |o 306.43 BEC 1965  |p 4838688  |r 2024-01-25  |w 2019-11-22  |y BK  |k EPE